Co přináší IT do současného bankovnictví...

Postupné zavádzanie informačných technológií do bankovníctva. Využívanie elektronickej komunikácie, najmä internetu. Využitie outsourcingu v bankách. Komunikácia klienta s bankou. Elektronický podpis v bankovníctve.

Uložené v:
Podrobná bibliografia
Hlavný autor: Dastych, Jiří
Médium: Kapitola
Jazyk:Czech
Predmet:
Tagy: Pridať tag
Žiadne tagy, Buďte prvý, kto otaguje tento záznam!

MARC

LEADER 00000naa a2200000 4500
001 r047351
005 20231004072721.2
041 0 |a cze 
044 |a CZ 
245 1 0 |a Co přináší IT do současného bankovnictví...  |c Jiří Dastych 
520 |a Postupné zavádzanie informačných technológií do bankovníctva. Využívanie elektronickej komunikácie, najmä internetu. Využitie outsourcingu v bankách. Komunikácia klienta s bankou. Elektronický podpis v bankovníctve. 
610 2 0 |a bankovníctvo 
610 2 0 |a technológie informačné 
610 2 0 |a internet 
610 2 0 |a bankovníctvo elektronické 
610 2 0 |a outsourcing 
610 2 0 |a klienti 
610 2 0 |a podpis elektronický 
100 1 |a Dastych, Jiří